Political and cultural history of the Philippines

שמור ב:
מידע ביבליוגרפי
מחבר ראשי: Eufronio M. Alip
פורמט: ספר
שפה:Undetermined
יצא לאור: Manila, Philippines Alip & Brion Publications 1950
נושאים:
תגים: הוספת תג
אין תגיות, היה/י הראשונ/ה לתייג את הרשומה!
Thư viện lưu trữ: Trung tâm Học liệu Trường Đại học Cần Thơ
LEADER 00532nam a2200193Ia 4500
001 CTU_90504
008 210402s9999 xx 000 0 und d
082 |a 991.4 
082 |b A412 
100 |a Eufronio M. Alip 
245 0 |a Political and cultural history of the Philippines 
245 0 |c Eufronio M. Alip 
260 |a Manila, Philippines 
260 |b Alip & Brion Publications 
260 |c 1950 
650 |a philippines 
650 |x history 
904 |i Năm 
980 |a Trung tâm Học liệu Trường Đại học Cần Thơ